00421cam a2200157ua 4500001000400000008003900004020001800043040000900061082001300070245005100083250002700134260002800161300002100189653002200210653003100232445110406n ii |||gr||||Z||||||eng a81-7117-093-5 cMAIN a324.25411 aRegional political parties in North East India bedited by L.S. Gassah. aGuwahati:bOmsons ,992. aix,246p.:c20cm. aPolitical science aRegional political science